Welcome to CU Library Online Public Access Catalogue (OPAC)

The dynamics of fashion / (Record no. 8124)

MARC details
000 -LEADER
fixed length control field 00616cam a2200217 a 4500
001 - CONTROL NUMBER
control field 13086186
005 - DATE AND TIME OF LATEST TRANSACTION
control field 20251106131305.0
008 - FIXED-LENGTH DATA ELEMENTS--GENERAL INFORMATION
fixed length control field 030207s2004 nyua b 001 0 eng
020 ## - INTERNATIONAL STANDARD BOOK NUMBER
International Standard Book Number 1563672804
020 ## - INTERNATIONAL STANDARD BOOK NUMBER
International Standard Book Number 9781563672804
050 00 - LIBRARY OF CONGRESS CALL NUMBER
Classification number TT496.U6
Item number S76 2004
082 00 - DEWEY DECIMAL CLASSIFICATION NUMBER
Classification number 687
Edition information 22
100 1# - MAIN ENTRY--PERSONAL NAME
Personal name Stone, Elaine.
245 14 - TITLE STATEMENT
Title The dynamics of fashion /
Statement of responsibility, etc. Elaine Stone.
250 ## - EDITION STATEMENT
Edition statement 2nd ed.
260 ## - PUBLICATION, DISTRIBUTION, ETC.
Place of publication, distribution, etc. New York, NY :
Name of publisher, distributor, etc. Fairchild Publications,
Date of publication, distribution, etc. 2004.
300 ## - PHYSICAL DESCRIPTION
Extent xxi, 506 p. :
Other physical details ill. ;
Dimensions 28 cm.
650 #0 - SUBJECT ADDED ENTRY--TOPICAL TERM
Topical term or geographic name entry element Clothing trade
Geographic subdivision United States.
650 #0 - SUBJECT ADDED ENTRY--TOPICAL TERM
Topical term or geographic name entry element Fashion
Geographic subdivision United States.
942 ## - ADDED ENTRY ELEMENTS (KOHA)
Source of classification or shelving scheme Library of Congress Classification
Koha item type Books
Edition 2nd ed.
Suppress in OPAC No
999 ## -
-- 8124
-- 8124
Holdings
Withdrawn status Lost status Source of classification or shelving scheme Damaged status Not for loan Collection Home library Current library Shelving location Date acquired Total checkouts Full call number Barcode Date last seen Copy number Price effective from Koha item type
    Library of Congress Classification     Non-fiction Science Library (Miotso) Science Library (Miotso) General stacks 11/06/2025   TT496.U6S76 STO SLM00005527 11/06/2025 1 11/06/2025 Books
© 2023-2024 Copyright: Central University Libraries. All Rights Reserved | Created by: Mahone Tech Office